Capitales de l’Europe (mode facile) - Statistiques

Statistiques générales
  • Ce quiz a été pris 81 fois
  • Le résultat moyen est 20 sur 24
Statistiques - réponses
Hint Réponse % Correct
Espagne Madrid
100%
France Paris
100%
Italie Rome
100%
Allemagne Berlin
99%
Portugal Lisbonne
99%
Royaume-Uni Londres
97%
Russie Moscou
94%
Grèce Athènes
93%
Pays-Bas Amsterdam
91%
Belgique Bruxelles
91%
Suède Stockholm
88%
Suisse Berne
87%
Norvège Oslo
87%
Autriche Vienne
85%
Pologne Varsovie
84%
Irlande Dublin
82%
Turquie Ankara
81%
Hongrie Budapest
76%
Finlande Helsinki
76%
Croatie Zagreb
74%
Danemark Copenhague
72%
République tchèque Prague
71%
Serbie Belgrade
63%
Chypre Nicosie
50%
Aucun quiz correspondant
Distribution des résultats
% des personnes avec chaque résultat
Percentile par nombre de réponses
Votre historique - résultats
Vous n’avez pas pris ce quiz